000 00670nam a2200253Ia 4500
003 OSt
005 20220925224645.0
006 a|||||r|||| 00| 0
007 ta
008 220923b |||||||| |||| 00| 0 eng d
020 _a0710008104
037 _cGeneral Book
040 _aRTL
_cRTL
_beng
041 _2eng
_aeng
082 _aY:5231, M1
100 _aO'Brien Mary
_9291343
245 0 _aPolitics of reproduction
260 _aLondon
_bRoutledge and Kegan Paul
_c1981
300 _ax,240p
_ccm.
500 _aBibliography: p 227-34
650 _aFertility
942 _hY:5231, M1
_cGB
_2CC
999 _c581915
_d581915